[Event "Jacques Lemans op 19th"]
[Site "St Veit"]
[Date "2000.??.??"]
[Round "6"]
[White "Erharter, Christian"]
[Black "Benda, Herbert"]
[Result "1-0"]
[WhiteElo "2035"]
[BlackElo "2222"]
[PlyCount "70"]
[EventDate "2000.07.??"]
[EventType "swiss"]
[EventRounds "9"]
[EventCountry "AUT"]
[SourceTitle "EXT 2001"]
[Source "ChessBase"]
[SourceDate "2000.11.22"]
[SourceVersion "1"]
[SourceVersionDate "2000.11.22"]
[SourceQuality "1"]

1. Nf3 g6 2. g3 Bg7 3. Bg2 e5 4. d3 Nc6 5. 0-0 Nge7 6. e4 d5 7. Nc3 d4 8. Ne2 0-0 9. Nh4 f5 10. exf5 Nxf5 11. Nxf5 Bxf5 12. f4 Qd7 13. fxe5 Bh3 14. Bxh3 Qxh3 15. Nf4 Qf5 16. e6 Rae8 17. Bd2 Nd8 18. Qe2 Nxe6 19. Nxe6 Qxe6 20. Qxe6+ Rxe6 21. Rxf8+ Bxf8 22. Re1 Rb6 23. Bc1 Rc6 24. Re2 Bd6 25. Kf1 Rc5 26. Re1 h5 27. Bf4 Bxf4 28. gxf4 Kf7 29. Kf2 Kf6 30. h4 Ra5 31. a3 Rb5 32. b3 Rc5 33. Kf3 Kf5 34. Re2 Rc3 35. a4 Rc6 1-0

[Event "Feffernitz Raika op 07th"]
[Site "Feffernitz"]
[Date "1998.08.18"]
[Round "?"]
[White "Erharter, Christian"]
[Black "Sixthofer, Kurt"]
[Result "0-1"]
[WhiteElo "1914"]
[BlackElo "1694"]
[PlyCount "60"]
[EventDate "1998.08.??"]
[EventType "swiss"]
[EventRounds "9"]
[EventCountry "AUT"]
[SourceTitle "EXT 2004"]
[Source "ChessBase"]
[SourceDate "2003.11.25"]
[SourceVersion "1"]
[SourceVersionDate "2003.11.25"]
[SourceQuality "1"]

1. Nf3 d5 2. d4 Nf6 3. Bg5 e6 4. e3 c5 5. c4 Be7 6. dxc5 Qa5+ 7. Nc3 dxc4 8. Bxc4 Qxc5 9. Qe2 Nc6 10. 0-0 a6 11. a3 b5 12. Bd3 Bb7 13. Rac1 Qb6 14. e4 0-0 15. e5 Nh5 16. Qe4 g6 17. Qh4 Bxg5 18. Qxg5 Nd4 19. Be4 Bxe4 20. Nxe4 Ne2+ 21. Kh1 Nxc1 22. Nf6+ Nxf6 23. exf6 e5 24. Nxe5 Nd3 25. Nd7 Nxf2+ 26. Rxf2 Qxf2 27. h3 Rfe8 28. Qh6 Re1+ 29. Kh2 Qg1+ 30. Kg3 Qe3+ 0-1

[Event "Feffernitz Raika op 06th"]
[Site "Feffernitz"]
[Date "1997.08.23"]
[Round "?"]
[White "Genser, Harald"]
[Black "Erharter, Christian"]
[Result "1/2-1/2"]
[WhiteElo "2145"]
[BlackElo "1809"]
[PlyCount "102"]
[EventDate "1997.08.??"]
[EventType "swiss"]
[EventRounds "9"]
[EventCountry "AUT"]
[SourceTitle "EXT 2004"]
[Source "ChessBase"]
[SourceDate "2003.11.25"]
[SourceVersion "1"]
[SourceVersionDate "2003.11.25"]
[SourceQuality "1"]

1. e4 d5 2. exd5 Qxd5 3. Nc3 Qa5 4. d4 Nf6 5. Nf3 c6 6. Bc4 Bf5 7. Bd2 e6 8. Ne4 Qc7 9. Nxf6+ gxf6 10. Qe2 Be7 11. 0-0-0 Nd7 12. Nh4 Bg6 13. f4 f5 14. g3 0-0-0 15. Ng2 Nf6 16. Qe3 Bh5 17. Rde1 Qd6 18. c3 Ne4 19. Be2 Bxe2 20. Rxe2 h5 21. Rd1 Qd5 22. b3 Qa5 23. Kb1 Qb6 24. Bc1 h4 25. g4 Qa5 26. Bb2 Ba3 27. gxf5 exf5 28. Qh3 Kb8 29. Rd3 Rde8 30. Rc2 Bxb2 31. Kxb2 Rh5 32. Ne3 Qc7 33. Qf3 Reh8 34. h3 Qd7 35. Rd1 R5h6 36. Rg2 Ng3 37. Rdg1 Re8 38. Nf1 Nxf1 39. Qxf1 Rhe6 40. Rg8 Qe7 41. Rxe8+ Qxe8 42. Rg2 Re3 43. Rd2 Qe4 44. Qc4 Qd5 45. Qf1 Qf3 46. Qc4 Qxh3 47. Qxf7 Qg4 48. d5 Re2 49. Qf8+ Kc7 50. d6+ Kb6 51. Rxe2 Qxe2+ 1/2-1/2